MDQL
is popping MORE tags! Check the
thread
!
Quizzes
Events
Quiz Creation
Community
Videos
Private Events
Remove Ads
Sign In
Join for FREE
Feedback
Dark Mode
Quiz Categories
Sports
Geography
Music
Movies
Television
Just For Fun
Miscellaneous
History
Literature
Language
Science
Gaming
Entertainment
Religion
Holiday
For Kids
Quiz Lab
Recent
Popular Today
Quiz Kudos Today
Editor Picks
Curator Picks
Quizzes by...
Day
Popularity
Type
Ratings
Length
Year
Community
Subscriptions
Recent Discussions
Orange Saloon
Badges
Playlists
Quests
Create
Leaderboards
Showdown
Live 5
Trivia Bingo
Activity
Puzzle Library
Sporcle Events
Private Events
Virtual Trivia
Globe League
Become a Host
Pub Owners
SporcleCon
Opinionation
Our Games
Videos
Blog
Mobile Apps
Partnerships
Remove Ads and Go Orange
Feedback
History
US Presidents
World Leaders
Politics
Nation
Discovery
War
Decade
Year
Century
Biography
Art
History
US Presidents
World Leaders
Politics
Nation
Discovery
War
Decade
Year
Century
Biography
Art
Random Quiz
Search Sporcle
×
Quiz Lab
Quiz Lab
History
State
Type in answers that appear in a list
Type in answers that appear in a list
Classic
Best Score? Go Orange.
Senators of the 115th U.S Congress Stats
Can you name all Senators of the 115th U.S Congress?
By
NorseNecromancer
15m
100 Questions
116 Plays
116 Plays
116 Plays
Comments
Comments
Give Quiz Kudos
Give Quiz Kudos
-
- Ratings
hide this ad
Replay
Link that replays current quiz
Next Quiz
Link to next quiz in quiz playlist
You Got
0%
They Got
Avg Score
63%
Avg Friend Score
Upgrade to see
Score Distribution
Jump to the score distribution portion of the page
Score
0/100
Timer
15:00
0
Plays Today
State
Senator
% Correct
Kentucky
Mitch McConnell
83.6%
Arizona
Martha McSally
82.8%
Florida
Marco Rubio
81.9%
New York
Chuck Schumer
81.9%
Vermont
Bernie Sanders
81.9%
California
Kamala Harris
81%
Alabama
Doug Jones
80.2%
Alaska
Lisa Murkowski
80.2%
New Jersey
Cory Booker
80.2%
Massachusetts
Elizabeth Warren
79.3%
California
Dianne Feinstein
78.4%
Texas
Ted Cruz
78.4%
Arizona
Kyrsten Sinema
77.6%
Kentucky
Rand Paul
76.7%
New York
Kirsten Gillibrand
76.7%
Minnesota
Tina Smith
75%
Maine
Susan Collins
73.3%
Utah
Mike Lee
73.3%
Virginia
Tim Kaine
72.4%
Illinois
Tammy Duckworth
71.6%
West Virginia
Joe Manchin
71.6%
Arkansas
Tom Cotton
70.7%
Maine
Angus King
70.7%
Missouri
Josh Hawley
70.7%
New Jersey
Bob Menendez
70.7%
Minnesota
Amy Klobuchar
69.8%
Florida
Rick Scott
69%
Ohio
Sherrod Brown
69%
Connecticut
Chris Murphy
68.1%
Illinois
Dick Durbin
68.1%
Delaware
Chris Coons
67.2%
South Carolina
Lindsey Graham
67.2%
Connecticut
Richard Blumenthal
66.4%
Iowa
Chuck Grassley
66.4%
State
Senator
% Correct
Colorado
Cory Gardner
64.7%
Hawaii
Mazie Hirono
64.7%
Iowa
Joni Ernst
64.7%
Pennsylvania
Patrick Toomey
64.7%
Virginia
Mark Warner
64.7%
Wisconsin
Ron Johnson
64.7%
Alabama
Richard Shelby
63.8%
Colorado
Michael Bennet
63.8%
Nebraska
Ben Sasse
63.8%
Tennessee
Marsha Blackburn
63.8%
Texas
John Cornyn
63.8%
Wisconsin
Tammy Baldwin
63.8%
Alaska
Dan Sullivan
62.9%
Massachusetts
Ed Markey
62.9%
Montana
Jon Tester
62.9%
Pennsylvania
Bob Casey
62.9%
Vermont
Patrick Leahy
62.9%
Louisiana
John Kennedy
62.1%
Nevada
Jacky Rosen
62.1%
North Dakota
Kevin Cramer
62.1%
South Carolina
Tim Scott
62.1%
Utah
Mitt Romney
62.1%
Indiana
Mike Braun
61.2%
New Hampshire
Jeanne Shaheen
61.2%
New Hampshire
Maggie Hassan
61.2%
Ohio
Rob Portman
61.2%
Maryland
Ben Cardin
60.3%
North Carolina
Richard Burr
60.3%
Rhode Island
Sheldon Whitehouse
60.3%
Washington
Patty Murray
60.3%
West Virginia
Shelley Moore Capito
60.3%
Michigan
Debbie Stabenow
59.5%
Hawaii
Brian Schatz
58.6%
Idaho
Mike Crapo
58.6%
State
Senator
% Correct
Arkansas
John Boozman
57.8%
Missouri
Roy Blunt
57.8%
Nevada
Catherine Cortez-Masto
57.8%
New Mexico
Tom Udall
56.9%
Delaware
Tom Carper
56%
Nebraska
Deb Fischer
56%
Oregon
Ron Wyden
55.2%
Oregon
Jeff Merkley
55.2%
Georgia
Johnny Isakson
54.3%
Mississippi
Cindy Hyde-Smith
54.3%
New Mexico
Martin Heinrich
54.3%
Georgia
David Perdue
53.4%
North Carolina
Thom Tillis
53.4%
Tennessee
Lamar Alexander
53.4%
Indiana
Todd Young
52.6%
Kansas
Pat Roberts
52.6%
Washington
Maria Cantwell
52.6%
Montana
Steve Daines
51.7%
Oklahoma
Jim Inhofe
51.7%
South Dakota
John Thune
51.7%
Louisiana
Bill Cassidy
50.9%
Michigan
Gary Peters
50.9%
Rhode Island
Jack Reed
50.9%
Wyoming
Mike Enzi
50.9%
Wyoming
John Barrasso
50.9%
Mississippi
Roger Wicker
50%
Kansas
Jerry Moran
49.1%
Oklahoma
James Lankford
48.3%
Maryland
Chris van Hollen
46.6%
Idaho
Jim Risch
44.8%
South Dakota
Mike Rounds
44%
North Dakota
John Hoeven
39.7%
Quiz Playlist
Details
Report
Send in Message
Add To Playlist
Classic:
Type in answers that appear in a list
Last Updated: Feb 16, 2017
Quiz Scoreboard
CHALLENGE
Sign Up to Join the Scoreboard
Show All
Scores
Hide
Comments
May contain spoilers
Recently Published
Image Sorting: Flags VI
by Barbecue
Geography
2m
Find the 'City' Movie
by crazypaving
Movies
60s
Colored Red Africa Blitz
by spor1
Geography
45s
More to Explore
Quiz From the Vault
Featured Blog Post
14 Easter Pick-up Lines to Find Eggs With
hide this ad
You Might Also Like...
Tags
State Quiz
115th
congress
Party
senator
US Congress
Today's Top Quizzes in History
Browse History
hide this ad
Today's Top Quizzes in State
Browse State
Top Contributed Quizzes in History
1
I Am Born On March 29th
2
Order Up: 1000 Years of World Events I
3
US National Parks Named After People
4
Popular People in 1951
5
Popular People in 1991
6
Popular People in 1941
7
Popular People in 1986
8
Popular People in 1981
9
Popular People in 1921
10
Popular People in 1976
Explore More
Trending Topics
Kpop
Anime
Marvel
Harry Potter
Crossword
NBA
Disney
Pokémon
NFL
The Office
Song
Puzzle
Soccer
WWE
Country
hide this ad
More By:
NorseNecromancer
Quiz
Plays
Rating
Category
Featured
Created
Senators of the 115th U.S Congress
116
3.00
History
Jan 12, 2017
Go to Creator's Profile
Score Distribution
Quiz Creator Spotlight
NorseNecromancer
Follow
Send a Message
Quizzes Created
-
Created Quiz Play Count
-
More By This Creator
Popular Quizzes Today
1
Colored Red Africa Blitz
2
Find the US States - No Outlines Minefield
3
Find the 'City' Movie
4
5x2 Blitz: Bands
5
The Countries of the World
6
Find the US States
7
Find the Countries of Europe - No Outlines Minefield
8
US States
More History Quizzes
Find the Large Cannons
Quiz Lab
Trending Quizzes
Colored Red Europe Blitz I
Colored Red Europe Blitz II
Colored Red Africa Blitz II
Colored Red Europe Blitz III
Colored Red Africa Blitz III
Recently Updated
How Do You Spell That?
pecheneg
Godzilla Movies
pecheneg
Grab Bag: 4-10 Letters
pecheneg
2024 March Madness Bracket
pecheneg
Famous TV Couples
Peacemaker
Champions League XIs: Real Madrid
pecheneg
Largest US Cities 1790-2010
pecheneg
Rides in Walt Disney World
pecheneg
Most Oscar Losses (Acting)
pecheneg
Beyoncé Albums
pecheneg
Trending Topics
Anime
NBA
Marvel
Disney
Crossword
Kpop
Harry Potter
The Office
WWE
Song
Soccer
NFL
Country
Pokémon
Puzzle
Your Account Isn't Verified!
In order to create a playlist on Sporcle, you need to verify the email address you used during registration. Go to your
Sporcle Settings
to finish the process.
Report this User
Report this user for behavior that violates our
Community Guidelines
.
Details:
Send Report
Go to the Sporcle.com Mobile Site →
Comments